000 00532nam a2200169 a 4500
001 000040834
005 20201002034420.0
008 130909s2006 cl a 000 0 spa d
020 _a1567589820
040 _aDO-SdBNP
_bspa
_cBNPHU
100 1 _aArriví, Francisco
_938507
245 1 0 _aVejigantes /
_cFrancisco Arriví, Editor Francisco M. Vásquez.
250 _a20a ed.
260 _aSan Juan Puerto Rico :
_bCultural,
_c2006.
300 _a126 p. ;
_c23 cm.
500 _aIncluye datos biográficos del autor en la contracubierta
999 _c40324
_d40324